| 000 | 00340 a2200133 4500 | ||
|---|---|---|---|
| 001 | 91961 | ||
| 082 | _aPR 1733 | ||
| 090 |
_c43908 _d43907 |
||
| 100 | _aAsif Khan, M.: Prof Abdul Rehman, Advisor | ||
| 245 |
_aReplacement of UDF 7020 Modems _n65 "B" EC |
||
| 260 |
_aRawalpindi _bNUST _c2008 |
||
| 300 | _a51p | ||
| 500 | _aBE Project Report | ||
| 942 |
_aCAE NUST _kPR 1733 |
||
| 999 |
_c327034 _d327034 |
||